| 000 | 00856nam a2200253 a 4500 | ||
|---|---|---|---|
| 001 | BRCA_6363 | ||
| 005 | 20190320205427.0 | ||
| 008 | 140110s1953----nyu#######---#000-0#eng-# | ||
| 041 | _aeng | ||
| 044 | _anyu | ||
| 050 | 4 |
_aPZ3 _b.B44 1953 |
|
| 100 | 1 |
_aBentley, E. C. _d1875-1956 _q(Edmund Clerihew) _915944 |
|
| 245 | 1 | 0 |
_aTrent´s Case Book _cE. C. Bentley ; with an introduction by Ben Ray Redman. |
| 260 |
_aNueva York _bAlfred A. Knopf _c1953 |
||
| 300 |
_a3 t. en 1 v. _c22 cm. |
||
| 500 | _aCEF114 | ||
| 505 | 0 | _aContenido: t.1. Trent´s Last Case. -- t.2. Trent´s Own Case [with H. Warner Allen]. -- t.3. Trent Intervenes | |
| 650 | 1 | 4 |
_aTrent, Philip (Personaje ficticio) _xFicción _915945 |
| 650 | 1 | 4 |
_aNovelas policíacas _9877 |
| 700 | 1 |
_aRedman, Ben Ray _915946 |
|
| 700 | 1 |
_aWarner Allen, H. _915947 |
|
| 902 | _aGFM | ||
| 942 |
_2lcc _cB |
||
| 999 |
_c6049 _d6049 |
||